000 00281nam a22001217a 4500
008 180607b xxu||||| |||| 00| 0 eng d
041 _aeng
080 _a043.3
100 _a0
101 _aSHKI-BA
245 _aCloud Economics and Risk Management
_cKrasniqi, F
942 _2udc
_cBK
999 _c46520
_d46520